|
|
|
|
| LEADER |
00000nam a2200000 a 4500 |
| 001 |
vtls001089015 |
| 003 |
SK-MaSNL |
| 005 |
20260301111247.0 |
| 008 |
250414s1986 xo 0 slo |
| 015 |
|
|
|a SNBA1986/09
|
| 035 |
|
|
|a SNK000031855
|
| 040 |
|
|
|a SNK
|b slo
|c SNK
|e AACR2
|
| 041 |
0 |
|
|a slo
|
| 044 |
|
|
|a xo
|c SK
|
| 080 |
|
|
|a 884-3(087.5)
|2 1981
|
| 100 |
1 |
|
|a Kern, Ludwik Jerzy,
|d 1920-2010
|4 aut
|9 228728
|
| 245 |
1 |
0 |
|a Slon Dominik
|c Ludwik Jerzy Kern ; Félix Uváček, Ján Dressler
|
| 250 |
|
|
|a 1. vyd.
|
| 260 |
|
|
|a Bratislava
|b Mladé letá
|c 1986
|e Košice
|f Východoslovenské tlačiarne
|
| 300 |
|
|
|a 159 s., 10,30 AH
|c 20 cm
|
| 366 |
|
|
|e 10000 výtl.
|
| 500 |
|
|
|a Ilustr. na front. a predsádkach. Pre čitateľov od 6 rokov.
|
| 700 |
1 |
|
|a Uváček, Felix,
|d 1930-
|4 trl
|9 37440
|
| 700 |
1 |
|
|a Dressler, Ján,
|d 1942-
|4 bkd
|9 99110
|
| 852 |
|
|
|a Slovenská národná knižnica
|
| 954 |
|
|
|a prózy príbehové
|
| 958 |
|
|
|a OND
|
| 958 |
|
|
|a LX
|
| 958 |
|
|
|a TL
|
| 958 |
|
|
|a PL
|
| 958 |
|
|
|a UP
|
| 999 |
|
|
|c 706213
|d 708143
|
| 952 |
|
|
|a SNK
|b SNK
|y VYP
|7 0
|p 17A0523282
|o snkSD 58082 D1
|i snkKSP 5640/86
|3 rekatalogizácia
|0 0
|1 0
|4 0
|d 2006-11-13
|l 0
|r 2026-02-23 21:16:02
|w 2026-02-23
|